<?xml version="1.0" encoding="UTF-8"?>
<collection xmlns:xsi="http://www.w3.org/2001/XMLSchema-instance" xsi:schemaLocation="http://www.loc.gov/MARC21/slim http://www.loc.gov/standards/marcxml/schema/MARC21slim.xsd" xmlns="http://www.loc.gov/MARC21/slim">
 <record>
  <leader>00000cam a22000004a 4500</leader>
  <controlfield tag="001">UP-8027390931316316295</controlfield>
  <controlfield tag="003">Buklod</controlfield>
  <controlfield tag="005">20190609095253.0</controlfield>
  <controlfield tag="006">a     r    |||| u|</controlfield>
  <controlfield tag="007">ta</controlfield>
  <controlfield tag="008">190609s        xx     d     r    |||| u|</controlfield>
  <datafield tag="022" ind1=" " ind2=" ">
   <subfield code="a">2619-7448</subfield>
  </datafield>
  <datafield tag="035" ind1=" " ind2=" ">
   <subfield code="a">(iLib)UPMIN-00018529626</subfield>
  </datafield>
  <datafield tag="037" ind1=" " ind2=" ">
   <subfield code="b">UPCIDS</subfield>
   <subfield code="n">gift</subfield>
  </datafield>
  <datafield tag="040" ind1=" " ind2=" ">
   <subfield code="a">UPMin</subfield>
  </datafield>
  <datafield tag="090" ind1=" " ind2="0">
   <subfield code="a">HN 713.5</subfield>
   <subfield code="b">L53 2018</subfield>
  </datafield>
  <datafield tag="100" ind1="1" ind2=" ">
   <subfield code="a">Llanto, Gilberto M.</subfield>
  </datafield>
  <datafield tag="245" ind1="0" ind2="0">
   <subfield code="a">Steering the economy amidst global uncertainties and new developments</subfield>
   <subfield code="c">Gilberto M. Llanto and Ma. Kristina P. Ortiz.</subfield>
  </datafield>
  <datafield tag="264" ind1=" " ind2="1">
   <subfield code="a">Quezon City</subfield>
   <subfield code="b">University of the Philippines Center for Integrative and Development Studies</subfield>
   <subfield code="c">c2018.</subfield>
  </datafield>
  <datafield tag="300" ind1=" " ind2=" ">
   <subfield code="a">36 p.</subfield>
   <subfield code="b">ill.</subfield>
   <subfield code="c">22 cm.</subfield>
  </datafield>
  <datafield tag="490" ind1="0" ind2=" ">
   <subfield code="a">UP CIDS discussion paper series.</subfield>
   <subfield code="v">18-006.</subfield>
  </datafield>
  <datafield tag="504" ind1=" " ind2=" ">
   <subfield code="a">Includes bibliographical references.</subfield>
  </datafield>
  <datafield tag="520" ind1=" " ind2=" ">
   <subfield code="a">The Philippine economy has exemplified a remarkable performance despite uncertainties both in the domestic and global markets in the past years. Its growth outlook is expected to remain strong and robust, but significant internal and external risks and challenges lie ahead. Geopolitical tensions (e.g. West Philippines Sea dispute, a pending global trade war, rising protectionism), increasing oil prices followed by rising inflation rates, and the evolving landscape of the labor marketplace (i.e. rise of disruptive technologies) pose serious threats to the country?s current growth trajectory. In the near-term, domestic demand will continue to be one of the major contributors to growth and thus main economic policy actions should focus on removing various barriers to investments, upholding competition, reducing regulatory burdens, expanding fiscal space to finance infrastructure and wider social protection coverage, and ensuring more efficient public sector spending. In the face of the threat of a trade war and of protectionist policies in major trading partners, serious efforts to pursue reforms that will hasten structural transformation and modernization of the economy must be executed. Finally, policymakers have to step up and formulate appropriate policy measures to enable the economy to be productively engaged with the new digital economy in the cusp of the Fourth Industrial Revolution.</subfield>
  </datafield>
  <datafield tag="651" ind1=" " ind2="0">
   <subfield code="a">Philippines</subfield>
   <subfield code="x">Social conditions</subfield>
   <subfield code="y">21st century.</subfield>
  </datafield>
  <datafield tag="651" ind1=" " ind2="0">
   <subfield code="a">Philippines</subfield>
   <subfield code="x">Economic conditions</subfield>
   <subfield code="y">21st century.</subfield>
  </datafield>
  <datafield tag="651" ind1=" " ind2="0">
   <subfield code="a">Philippines</subfield>
   <subfield code="x">Social conditions</subfield>
   <subfield code="y">4th industrial revolution.</subfield>
  </datafield>
  <datafield tag="651" ind1=" " ind2="0">
   <subfield code="a">Philippines</subfield>
   <subfield code="x">Economic conditions</subfield>
   <subfield code="y">4th industrial revolution.</subfield>
  </datafield>
  <datafield tag="700" ind1="1" ind2=" ">
   <subfield code="a">Ortiz, Ma. Kristina P.</subfield>
  </datafield>
  <datafield tag="710" ind1="2" ind2=" ">
   <subfield code="a">University of the Philippines.</subfield>
   <subfield code="b">Center for Integrative and Development Studies. Strategic Studies Program.</subfield>
  </datafield>
  <datafield tag="856" ind1=" " ind2=" ">
   <subfield code="u">https://cids.up.edu.ph/publications/discussion-papers/2018-series/18-006</subfield>
  </datafield>
  <datafield tag="905" ind1=" " ind2=" ">
   <subfield code="a">FI</subfield>
  </datafield>
  <datafield tag="852" ind1="0" ind2=" ">
   <subfield code="a">UPMIN</subfield>
   <subfield code="b">UPMIN-MAIN</subfield>
   <subfield code="h">HN 713.5</subfield>
   <subfield code="i">L53 2018</subfield>
  </datafield>
  <datafield tag="942" ind1=" " ind2=" ">
   <subfield code="a">Book</subfield>
  </datafield>
 </record>
</collection>
